Quiz o Markach - Statystyki

Ogólne statystyki
  • Ten quiz został rozwiązany 6 razy
  • Średni wynik to 8 z 14
Statystyki odpowiedzi
Wskazówka Odpowiedź % Poprawnych
Z jakim największym miastem graniczą Marki? Warszawa
100%
Województwo, w którym leżały Marki w latach 1975-1998 warszawskie
100%
Kod pocztowy Marek 05-270 | 05-260 | 05-261
80%
Klub piłkarski tego miasta {Marcovia} Marki
80%
Województwo, w którym leżą Marki mazowieckie
80%
Tablica rejestracyjna Marek WWL
80%
Jakie rzeki płyną przez Marki? Czarna
60%
Jakie rzeki płyną przez Marki? Długa
60%
Burmistrz Marek Jacek Orych
60%
Strefa numeracyjna Marek +48 {22}
40%
Rok, w którym Marki otrzymały prawa miejskie 1967
20%
Populacja Marek (w przybliżeniu) 45,900
20%
Co wyznaczono w Markach 27 lipca 2019 roku? Geodezyjny Środek Mazowsza
20%
Kto napisał dokument, w którym pierwszy raz były wspomniane Marki? Zygmunt III Waza
0%
Nie znaleziono quizów pasujących do podanych kryteriów
Rozkład punktacji
Procent ludzi z każdym wynikiem
Percentyl według liczby udzielonych odpowiedzi
Twoja historia wyników
Nie rozwiązałeś tego quizu